Programy na tvorbu a úpravu grafiky, zvuku a tvorbu animácií bakalárska práca

Gespeichert in:
Bibliographische Detailangaben
1. Verfasser: Dudek, Daniel, 1999-
Körperschaft: Fakulta hospodárskej informatiky EU. Katedra aplikovanej informatiky
Weitere Verfasser: Ondrejková, Anna
Format: Buch
Sprache:Slowakisch
Veröffentlicht: Bratislava 2021
Tags: Tag hinzufügen
Keine Tags, Fügen Sie das erste Tag hinzu!

MARC

LEADER 00000nbm a2200000 4500
001 0276212
005 20220317104900.9
041 0 |a slo 
044 |a SK 
245 1 0 |a Programy na tvorbu a úpravu grafiky, zvuku a tvorbu animácií  |b bakalárska práca  |c Daniel Dudek ; školiteľ: Anna Ondrejková 
264 1 |a Bratislava  |c 2021 
300 |a 58 s. 
100 1 |a Dudek, Daniel, 1999- 
700 1 |a Ondrejková, Anna 
710 2 |a Fakulta hospodárskej informatiky EU. Katedra aplikovanej informatiky